UK by Picture - H - Statistics

General Stats
  • This quiz has been taken 39 times
  • The average score is 13 of 16
Answer Stats
Picture Hint Answer % Correct
King Henry VIII
100%
Airport Heathrow Airport
97%
Shakespearean Tragedy Hamlet
95%
Mammal Hedgehog
92%
Racing Driver Lewis Hamilton
92%
Theoretical Physicist Stephen Hawking
92%
Roman Fortification Hadrian's Wall
89%
1066 Battle Hastings
89%
Film Director Alfred Hitchcock
84%
Baked Good Hot Cross Bun
73%
Archipelago Hebrides
70%
Food Haggis
68%
Vacuum Cleaner Henry
68%
Historical Comedy TV Series Horrible Histories
68%
County Hampshire
65%
Comedian Harry Hill
57%
No matching quizzes found
Score Distribution
Percent of People with Each Score
Percentile by Number Answered
Your Score History
You have not taken this quiz